00609cam a2200193u 4500001000400000003000800004005001700012008003900029035001800068040003300086041000800119082002000127100002400147245006300171260006000234300003500294504005000329650003600379793BD-RjUL20211208233230.0131123r19661960enka 000 0 eng a(BD-RjUL) 813 aDLCcCarPdDLCdBD-RjULbeng aeng a027.4bCOP 19691 aCorbett, Edmund V. 10aPublic library finance and accountancy /cEdmund V Corbett aLondon :bLibrary Association,cc1960 [reprinted 1969]. axi, 212 p. :billus. ;c23 cm. aIncludes index and biblographical references. 0aLibrary financezGreat Britain.